Higher or Lower - Country Area Challenge - Statistics

General Stats
  • This quiz has been taken 1,973 times
  • The average score is 10 of 25
Answers on the Map
Answers color-coded by a green-red scale on the quiz's map according to % correct below.
 
Answer Stats
Answer % Correct
1 Correct
100%
2 Correct
90%
3 Correct
81%
4 Correct
74%
5 Correct
67%
6 Correct
58%
7 Correct
52%
8 Correct
48%
9 Correct
45%
10 Correct
41%
11 Correct
38%
12 Correct
35%
13 Correct
33%
14 Correct
30%
15 Correct
27%
16 Correct
25%
17 Correct
23%
18 Correct
22%
19 Correct
21%
20 Correct
19%
21 Correct
18%
22 Correct
17%
23 Correct
15%
24 Correct
15%
25 Correct
14%
No matching quizzes found
Score Distribution
Percent of People with Each Score
Percentile by Number Answered
Your Score History
You have not taken this quiz